| 000 | 00420nam a2200169 a 4500 | ||
|---|---|---|---|
| 001 | 0000-9036 | ||
| 003 | ELIB.Books | ||
| 008 | 110520 1967 | ||
| 035 | _a(ELIB.Books)0000-9185 | ||
| 082 |
_a221.7 _bKid |
||
| 100 | _aKidner, Derek | ||
| 245 | _aTyndale (Genesis) | ||
| 260 |
_bLeicester: Inter-Varsity Press _c1967 |
||
| 650 | _aCommentaries | ||
| 942 |
_2ddc _cBK |
||
| 998 |
_cbat _e2011-05-20 |
||
| 999 |
_c9036 _d9036 |
||